Social Media Marketing (Record no. 5932)

MARC details
005 - DATE AND TIME OF LATEST TRANSACTION
control field 20250628094632.0
020 ## - INTERNATIONAL STANDARD BOOK NUMBER
International Standard Book Number 978-1-5264-2387-0
100 ## - MAIN ENTRY--PERSONAL NAME
Author name TUTEN, T. L
245 ## - TITLE STATEMENT
Title Social Media Marketing
260 ## - PUBLICATION, DISTRIBUTION, ETC.
Place of publication, distribution, etc. New Delhi
Name of publisher, distributor, etc. Usage
Date of publication, distribution, etc. 2018
300 ## - PHYSICAL DESCRIPTION
Extent 423P.: ill;Figure, Picture
Other physical details Index
Dimensions 24cm
700 ## - ADDED ENTRY--PERSONAL NAME
Other authors/Editors SOLOMON,M. R
942 ## - ADDED ENTRY ELEMENTS (KOHA)
Source of classification or shelving scheme Dewey Decimal Classification
Koha item type Books
Holdings
Date last seen Total checkouts Full call number Barcode Cost, replacement price Price effective from Koha item type Lost status Source of classification or shelving scheme Damaged status Not for loan Withdrawn status Home library Current library Shelving location Date acquired Source of acquisition Cost, normal purchase price
06/28/2025   658 TUT MBY000726 150000.00 06/28/2025 Books   Dewey Decimal Classification       CBE MBEYA CBE MBEYA General Collection 06/28/2025 Purchase 50000.00